KOHA-Header-6

IT Strategy For Business (Record no. 9893)

000 -LEADER
fixed length control field 00265nam a2200109Ia 4500
100 ## - MAIN ENTRY--AUTHOR NAME
Personal name Parag Kulkarni
245 #0 - TITLE STATEMENT
Title IT Strategy For Business
260 ## - PUBLICATION, DISTRIBUTION, ETC. (IMPRINT)
Place of publication New Delhi
Name of publisher Prentice Hall
Year of publication 2006
300 ## - PHYSICAL DESCRIPTION
Number of Pages 273
942 ## - ADDED ENTRY ELEMENTS (KOHA)
Koha item type Books
Holdings
Withdrawn status Lost status Collection code Permanent Location Current Location Shelving location Date acquired Full call number Accession Number Koha item type
    Business MAJU MAJU   2019-09-14 658.403 5914 Business

Powered by Koha